Pražské kašny a fontány

Gespeichert in:
Bibliographische Detailangaben
Hauptverfasser: Ederer, Antonín (Verfasst von), Uxa, Jan (Verfasst von)
Format: Buch
Veröffentlicht: Praha : LIBRI, 2004
Schlagworte:
Tags: Tag hinzufügen
Keine Tags, Fügen Sie das erste Tag hinzu!

MARC

LEADER 00000nam a22000003a 4500
001 stu130708
005 20150617225908.9
008 061204s2004----------------------------d
020 |a 80-7277-234-1 
040 |a STU  |b slo 
041 0
100 1 |a Ederer, Antonín  |4 aut 
245 1 |a Pražské kašny a fontány 
260 |a Praha :  |b LIBRI,  |c 2004 
300 |a 214 s 
650 7 |a fontány  |2 stusub 
650 7 |a Praha  |2 stusub 
700 1 |a Uxa, Jan  |4 aut 
996 |b 284AU03319  |c A*5005 U  |l AAKNAR  |s A  |a 24  |w stu130708_0001